Al-quran menjawab : dilema keadilan

Bibliographic Details
Main Author: Qara'ati, Muchsin, Prof
Format: Book
Published: Jakarta : Penerbit CV. Firdauc , 1991
Subjects:

MARC

LEADER 00000cam a2200000 7i4500
001 0000069252
005 20170116.0
008 170116
090 0 0 |a 297.122   |b QAR 
100 0 |a Qara'ati, Muchsin, Prof. 
245 1 0 |a Al-quran menjawab :   |b dilema keadilan   |c Prof. Muchsin Qara'ati 
260 |a Jakarta :   |b Penerbit CV. Firdauc ,   |c 1991 
300 |a 144p. 
650 0 |a Islamic religion 
999 |a 0000500918   |b Book   |c Adult Collection   |e Cawangan Muar